| 000 | 00459nam a22001577a 4500 | ||
|---|---|---|---|
| 005 | 20140310183635.0 | ||
| 008 | 131126b xxu||||| |||| 00| 0 eng d | ||
| 020 | _a9789719241881 | ||
| 050 |
_aHD 2965 _b.T768 2008 |
||
| 245 | _aTrainer's Manual on Training for women leaders transforming co-operatives/ | ||
| 260 |
_aQuezon City ; _bAWCF, _c2008. |
||
| 300 |
_a153 p. : _bill., col., ; _c30 cm. |
||
| 521 | _aEDU | ||
| 942 |
_2lcc _cBK _kLOC |
||
| 999 |
_c25702 _d25702 |
||